00588nam a2200193 a 4500001001300000003000900013005001700022008004100039020001000080082001600090100003500106245003300141260003500174300000900209500003500218505007900253650002700332700003500359nice12345678IN_TiNIC20260116011301.0050524s1962 dela grp 000 0 urd  ac10000a891.41bSAD aSadr Lucknwi, Lachhman Prashad aBhagwat Geeta-E-Manzoom 1910 aDelhibAdarsh Kitab Gharc1962 a128p aincludes index and biblioraphy2 aunited nations conference on trade and development.Feb 1 to march 25 1968. aReligious Poetry-Hindi1 aSadr Lucknwi, Lachhman Prashad